|
|
|
|
| LEADER |
01161cam a2200325Ia 4500 |
| 001 |
9780203167212 |
| 003 |
FlBoTFG |
| 005 |
20091230162920.0 |
| 006 |
a|||||s||||||||||| |
| 007 |
cr|||| |
| 008 |
020717s2003 enk sb 001 0 eng d |
| 020 |
|
|
|a 9780203167212 (e-book : PDF)
|
| 040 |
|
|
|a FlBoTFG
|c FlBoTFG
|d GrThAP
|
| 043 |
|
|
|a e-gr---
|
| 090 |
|
|
|a PA3267
|b .H38 2003
|
| 092 |
|
|
|a 883.0109352042
|b H424
|
| 100 |
1 |
|
|a Haynes, Katharine,
|d 1971-
|
| 245 |
1 |
0 |
|a Fashioning the feminine in the Greek novel
|h [electronic resource] /
|c Katharine Haynes.
|
| 260 |
|
|
|a London ;
|a New York :
|b Routledge,
|c 2003.
|
| 300 |
|
|
|a viii, 214 p.
|
| 504 |
|
|
|a Includes bibliographical references (p. 188-205) and index.
|
| 530 |
|
|
|a Also available in print edition.
|b CRC Press (http://www.crcpress.com)
|
| 538 |
|
|
|a Mode of access: World Wide Web.
|
| 650 |
|
0 |
|a Greek fiction
|x History and criticism.
|
| 650 |
|
0 |
|a Women and literature
|z Greece.
|
| 650 |
|
0 |
|a Femininity in literature.
|
| 650 |
|
0 |
|a Women in literature.
|
| 655 |
|
7 |
|a Electronic books.
|2 lcsh
|
| 776 |
1 |
|
|z 9780415262095
|
| 856 |
4 |
0 |
|u http://www.tandfebooks.com/isbn/9780203167212
|z Full Text via HEAL-Link
|